000 00606nam a2200181Ia 4500
008 090124s9999 xx 000 0 und d
082 _b6273
_a177
100 _aकोल्हटकर प्रभाकर श्रीपाद
245 _a ऋणानुबंधी
250 _a1
260 _c1942
300 _a112
600 _aकोल्हटकर प्रभाकर श्रीपाद
630 _a ऋणानुबंधी
700 _aकोल्हटकर प्रभाकर श्रीपाद
730 _a ऋणानुबंधी
942 _cBOOK
999 _c120214
_d120214